• 首页
  • 本馆介绍
  • 公告通知
  • 最新文献
  • 馆藏检索
  • 电子资源
  • 读者导购
  • 参考咨询
  • 我的图书馆
  • 登录
  • 详细信息显示
  • 放入我的书架
  • 预约/预借图书
  • 作者相关作品
  • 分类相关作品
  • 丛书相关作品
  • 出版社相关作品

书目信息

  • 表格格式
  • 工作单格式
  • 卡片格式
题名:
教师口语
    
 
作者: ;国家教育委员会师范教育司 组编
分册:  
出版信息: 北京   北京师范大学出版社  1996
页数: 328页
开本: 20cm
丛书名:
单 册:
中图分类: H193.2 , 41.278
科图分类:
主题词: 教师--口语--师范大学--教材 , 教师 , 口语
电子资源:
ISBN: 7-303-04175-3
000 00939nam0 2200265 450
001 1554614364
005 20150207151141.21
010    @a7-303-04175-3@dCNY13.60
100    @a20070418e20061996em y0chiy0120 ea
101 0  @achi
102    @aCN@b110000
105    @ay z 000yy
200 1  @a教师口语@AJiao Shi Kou Yu@f国家教育委员会师范教育司组编@FGuo Jia Jiao Yu Wei Yuan Hui Shi Fan Jiao Yu Si Zu Bian
210    @a北京@c北京师范大学出版社@d1996@h2006
215    @a328页@d20cm
300    @a高等院校(本专科)通用教材
330    @a本书主要分为上中下三篇.上篇主要写的是:普通话训练,中篇主要写的:一般口语交际训练,下篇主要写的是:教师职业口语训练.
606 0  @a教师@x口语@x师范大学@j教材
606 0  @a教师
606 0  @a口语
690    @aH193.2@v4
690    @a41.278@v4
711 02 @a国家教育委员会师范教育司 组编@AGuo Jia Jiao Yu Wei Yuan Hui Shi Fan Jiao Yu Si Zu Bian
801  0 @aCN@bTSSF@c20150207
905    @aZUCC@dH193.2@eJY4
    
    教师口语/国家教育委员会师范教育司组编.-北京:北京师范大学出版社,1996(2006)
    328页;20cm
    高等院校(本专科)通用教材
    
    ISBN 7-303-04175-3:CNY13.60
    本书主要分为上中下三篇.上篇主要写的是:普通话训练,中篇主要写的:一般口语交际训练,下篇主要写的是:教师职业口语训练.
●
相关链接 在E读中查询图书 在五车中查询图书 在当当中查询图书 在豆瓣中查询图书


正题名:教师口语     索取号:H193.2/JY4         预约/预借

序号 登录号 条形码 馆藏地/架位号 状态 备注
1 7844710   278447101   学院路分馆/ [索取号:H193.2/JY4] 在馆    
2 7844711   278447110   学院路分馆/ [索取号:H193.2/JY4] 在馆    
3 7844712   278447129   学院路分馆/ [索取号:H193.2/JY4] 在馆    
4 7844713   278447138   学院路分馆/ [索取号:H193.2/JY4] 在馆    
5 7844714   278447147   学院路分馆/ [索取号:H193.2/JY4] 在馆    
欢迎您!
大连网信软件有限公司© 版权所有